01709nam a2200265 a 4500001001000000005001700010008004100027041000800068044000700076084002000083100004500103245005900148260003400207300002200241500032000263500011700583500043100700500000901131650005201140650005601192650003401248650004501282700006601327740005001393BRCA_283920190320204007.0091208s1967----sp-a---###---#000-0#spa-u aspa asp a265b.G56c19671 aCervantes Saavedra, Miguel ded1547-161610aDon Quijote de la ManchacMiguel de Cervante Saavedra. aMadridbGiner edicionesc1967 a4 v.bil.c30 cm. aContenido : v 1. Primera parte. Introducción. ´Al margen del Quijote´ por Azorin. Privilegio de la edición príncipe. Dedicatoria del autor. Prólogo del autor. Versos preliminares. Texto. -- v 2. Texto. -- v 3. Segunda parte. Dedicatoria del autor. Prólogo del autor. Texto. -- v 4. Texto. Tabla de voces aEdición : Edición y notas de Vicente Gaos. Ilustraciones de Lorenzo Goñi. Al margen del Quijote por Azorin aEdición moderna que toma por base las ediciones princeps de 1605 y 1615. Las notas de Vicente Gaos son concisas para el lector medio, pero redactadas con el criterio tradicional, es decir, se refiere casi exclusivamente a los aspectos gramaticales y estético-literarios. Las numerosas ilustraciones de Goñi son originales en su género. Impresión excelente y encuadernación elegante en rojo y negro Lúdovik Osterc a317214aNovela españolayÉpoca clásica, 1500-170014aLiteratura españolayÉpoca clásica, 1500-170014aNovela españolaySiglo XVII14aDon Quijote (Personaje ficticio)eNovela1 aGoñi y Suárez del Árbol, Lorenzod1911-1992eIlustrador0 aEl Ingenioso Hidalgo Don Quijote de la Mancha